00421nam a2200157Ia 450000500170000000800410001702000150005808200130007310000190008624500650010526000360017030000130020665000130021965000170023265000140024920241119003151.0240331s9999 xx 000 0 und d a8185107211 bTHEa823 aKali for women 4aThe slate of life :ban anthology of stories by Indian women aNew DelhibKali for Womenc1990 a163 p ., aReligion aIndian Women aPolitical